| 000 | 00719nam a2200217 a 4500 | ||
|---|---|---|---|
| 001 | 7980 | ||
| 003 | BD-JhCC | ||
| 005 | 20230801101224.0 | ||
| 008 | 180217b13801384bg |||| ||a| 000 0 ben d | ||
| 035 | _a(BD-JhCC)7980 | ||
| 040 |
_aBD-JhCC _dBD-JhCC |
||
| 041 | _aben | ||
| 082 |
_a305.50954 _bRAH 1380 |
||
| 100 | _aরাহুল সাংকৃত্যায়ন | ||
| 245 |
_aমানব সমাজ / _cমহাপন্ডিত রাহুল সাংকৃত্যায়ন ত্রিপিটকাচার্য |
||
| 260 |
_aঢাকা : _bচলন্তিকা বই ঘর. _c1380. |
||
| 300 |
_a326 p. : _c22 cm. |
||
| 650 | _aSocial Classes | ||
| 942 |
_2ddc _cBK |
||
| 999 |
_c7980 _d7980 |
||